000 01174nam0a22002651 4500
001 rc\4305033
005 20130416125638.4
021 _aRU
_bП2984-61
035 _a(NLR Aleph) 008258166
090 _a8379472
_c8379472
100 _a20130416d1961 |||y0rusy50 ca
101 0 _arus
102 _aRU
105 _aa z |||||
200 1 _aПресс для скоростного фанерования ПГЭ-5
_fГос. науч. техн. ком. Совета Министров РСФСР. Центр ин-т технико-экон. информации
210 _aМосква
_cБ. и.
_d1961
215 _a15 с.
_cил.
_d26
225 1 _aПередовой научно-технический и производственный опыт
_v№ М-61-132/2. Тема 12
_iОрганизация процессов деревообработки на машиностроительных заводах
_vВып. 2
300 _aНа обл. только загл. серии
700 1 _aВекман
_bИ. Н.
_gИгорь Николаевич
801 0 _aRU
_bNLR
_gpsbo
801 1 _aRU
_bELAR
_2rusmarc
852 _aNLR
_jП11/1538
942 _cBOOK
980 _aNB